Kol bediḥot Eshkol. (Record no. 34084)

MARC details
000 -LEADER
fixed length control field 00626cam a22002291 4500
001 - CONTROL NUMBER
control field he 68004383
003 - CONTROL NUMBER IDENTIFIER
control field DLC
005 - DATE AND TIME OF LATEST TRANSACTION
control field 20260227111508.0
008 - FIXED-LENGTH DATA ELEMENTS--GENERAL INFORMATION
fixed length control field 840213s1967 is 000 0 heb
010 ## - LIBRARY OF CONGRESS CONTROL NUMBER
LC control number he 68004383
035 ## - SYSTEM CONTROL NUMBER
System control number (OCoLC)19202168
040 ## - CATALOGING SOURCE
Original cataloging agency DLC
Transcribing agency MH
Modifying agency DLC
042 ## - AUTHENTICATION CODE
Authentication code premarc
050 00 - LIBRARY OF CONGRESS CALL NUMBER
Classification number DS126.6.E8
Item number K64
245 00 - TITLE STATEMENT
Title Kol bediḥot Eshkol.
260 ## - PUBLICATION, DISTRIBUTION, ETC.
Place of publication, distribution, etc. Tel Aviv :
Name of publisher, distributor, etc. Hotsaʼat Isar,
Date of publication, distribution, etc. [1967]
300 ## - PHYSICAL DESCRIPTION
Extent 2 v. ;
Dimensions 12 cm.
500 ## - GENERAL NOTE
General note Vol. 2 has title: ʻOd bediḥot Eshkol.
600 10 - SUBJECT ADDED ENTRY--PERSONAL NAME
Personal name Eshkol, Levi,
Dates associated with a name 1895-1969.
651 #0 - SUBJECT ADDED ENTRY--GEOGRAPHIC NAME
Geographic name Israel
General subdivision Politics and government.
752 ## - ADDED ENTRY--HIERARCHICAL PLACE NAME
Country or larger entity Israel
City Tel Aviv

No items available.

Powered by Koha